| 000 | 00972nam a2200289 i 4500 | ||
|---|---|---|---|
| 003 | EG-GICUC | ||
| 005 | 20260411162459.0 | ||
| 008 | 260411s1939 fr ||||fr|||| 00| 0 fre d | ||
| 040 |
_aEG-GiCUC _bfre _cEG-GiCUC _dEG-GiCUC _eRda |
||
| 041 | _afre | ||
| 082 | 0 | 4 |
_221 _a341.1 _bRÉ |
| 092 | 0 | 4 | _221 |
| 099 | _aLaw1 11 341.1 RÉ 1939 | ||
| 245 |
_aRépétitions écrites du droit international public : _bDiplôme D'études Supérieures Droit Public / _cPlace de la Sorbonne . |
||
| 264 |
_aParis : _b, Place de la Sorbonne , _c1939 . |
||
| 300 |
_a109 page ; _c 24 cm. |
||
| 336 |
_2rda contenu _a texte |
||
| 337 |
_2rda medias _aOrdinateur |
||
| 338 |
_2 transporteur rda _a Ressource en ligne |
||
| 490 | _aLes Cours de droit Répétitions écrites et orales | ||
| 546 | _aTexte en français | ||
| 650 | 1 | _aDroit international | |
| 651 | 1 | _2qrmak | |
| 856 | 4 | 0 | _uhttps://fll.law.cu.edu.eg/fulltext/bks/B11-00406.pdf |
| 905 | _a60 | ||
| 942 |
_2ddc _cBK _e21 _n0 |
||
| 999 |
_c70108 _d70108 |
||